Calculus & analytic geometry / (Record no. 3932)

000 -LEADER
fixed length control field 00887pam a2200289 a 4500
001 - CONTROL NUMBER
control field 2452607
003 - CONTROL NUMBER IDENTIFIER
control field OSt
005 - DATE AND TIME OF LATEST TRANSACTION
control field 20170711113143.0
008 - FIXED-LENGTH DATA ELEMENTS--GENERAL INFORMATION
fixed length control field 890522s1990 caua b 001 0 eng
010 ## - LIBRARY OF CONGRESS CONTROL NUMBER
LC control number 89014691
020 ## - INTERNATIONAL STANDARD BOOK NUMBER
International Standard Book Number 0534116469
040 ## - CATALOGING SOURCE
Original cataloging agency DLC
Transcribing agency DLC
Modifying agency DLC
050 00 - LIBRARY OF CONGRESS CALL NUMBER
Classification number QA303.M687 1990
082 00 - DEWEY DECIMAL CLASSIFICATION NUMBER
Classification number 515/.15
Edition number 20
100 1# - MAIN ENTRY--PERSONAL NAME
Personal name Mizrahi, Abe.
245 10 - TITLE STATEMENT
Title Calculus & analytic geometry /
Statement of responsibility, etc Abe Mizrahi, Michael Sullivan.
250 ## - EDITION STATEMENT
Edition statement 3rd ed.
260 ## - PUBLICATION, DISTRIBUTION, ETC. (IMPRINT)
Place of publication, distribution, etc Belmont, Calif. :
Name of publisher, distributor, etc Wadsworth Pub. Co.,
Date of publication, distribution, etc c1990.
300 ## - PHYSICAL DESCRIPTION
Extent xxi, 1250, 127 p. :
Other physical details ill. (some col.) ;
Dimensions 27 cm.
504 ## - BIBLIOGRAPHY, ETC. NOTE
Bibliography, etc Includes bibliographical references (p. 14-15 of 3rd group).
650 #0 - SUBJECT ADDED ENTRY--TOPICAL TERM
Topical term or geographic name as entry element Calculus.
650 #0 - SUBJECT ADDED ENTRY--TOPICAL TERM
Topical term or geographic name as entry element Geometry, Analytic.
700 1# - ADDED ENTRY--PERSONAL NAME
Personal name Sullivan, Michael,
Dates associated with a name 1942-
740 0# - ADDED ENTRY--UNCONTROLLED RELATED/ANALYTICAL TITLE
Uncontrolled related/analytical title Calculus and analytic geometry.
906 ## - LOCAL DATA ELEMENT F, LDF (RLIN)
a 7
b cbc
c orignew
d 1
e ocip
f 19
g y-gencatlg
942 ## - ADDED ENTRY ELEMENTS (KOHA)
Source of classification or shelving scheme
Koha item type Book
Holdings
Withdrawn status Lost status Source of classification or shelving scheme Damaged status Not for loan Home library Current library Shelving location Date acquired Total Checkouts Full call number Barcode Date last seen Copy number Price effective from Koha item type
          Riara University Library Riara University Library General stack 11/07/2017   QA303.M687 1990 9028/17 11/07/2017 C.1 11/07/2017 Book

Riara University Library,
P.O. Box 49940-00100,
Nairobi, Kenya.